000 00307nam a2200133Ia 4500
008 100328s9999 xx 000 0 und d
082 _b16448
100 _aMayhew C.Mary
245 _aMiracle Healing
260 _bRider & Co.
630 _aMiracle Healing
730 _aMiracle Healing
942 _cBOOK
999 _c511108
_d511105